00889 a2200133 4500003000500000005001700005008004100022082001200063100001700075245005000092260004500142300001500187505055300202NUST20221119152721.0221119b ||||| |||| 00| 0 eng d a515,TAN aTan, Soo T.  aCalculus Early Transcendentals / cSoo T. Tan aUSAbBrooks/Cole, Cengage Learningc2011 axx, 1320p. aPreliminaries (Page-1), Limits (Page-99), The Derivative (Page-163), Applications of th ederivative (Page-281), Integration (Page-403), Applications of the dfinite Integral (Page-497), Techniques of intergration (Page-593), Differential Equations (Page-663), Infinite Sequences and Series (Page-725), Conic Section, Plane Curves, andpolar Coordinates (Page-823), Vectors and the geometry of space (Page-897), Vector-valued functions (Page-979), Funciton of several Variables (Page-1029), Multiple integrals (Page-1143), Vector Analysis (Page-1219).